El hombre feliz... o arte de vivir contento e cualquier trabajo de la vida / (Record no. 22005)

MARC details
000 -LEADER
campo de control de longitud fija 00640nam a2200193 i 4500
001 - NÚMERO DE CONTROL
campo de control 22005
003 - IDENTIFICADOR DE NÚMERO DE CONTROL
campo de control ES-MaACL
005 - FECHA Y HORA DE LA ÚLTIMA TRANSACCIÓN
campo de control 20230906152604.0
007 - CAMPO FIJO DE DESCRIPCIÓN FÍSICA--INFORMACIÓN GENERAL
campo de control de longitud fija t|
008 - DATOS DE LONGITUD FIJA--INFORMACIÓN GENERAL
campo de control de longitud fija 021129s1829 sp ||||1| spa d
100 1# - ENTRADA PRINCIPAL--NOMBRE DE PERSONA
Nombre de persona Almeida, Teodoro de.
9 (RLIN) 20116
245 13 - MENCIÓN DEL TÍTULO
Título El hombre feliz... o arte de vivir contento e cualquier trabajo de la vida /
Mención de responsabilidad, etc. obra escrita en portugués por Teodoro de Almeida.
250 ## - MENCION DE EDICION
Mención de edición Nueva edición.
260 ## - PUBLICACIÓN, DISTRIBUCIÓN, ETC.
Lugar de publicación, distribución, etc. Madrid :
Nombre del editor, distribuidor, etc. Moreno,
Fecha de publicación, distribución, etc. 1829.
500 ## - NOTA GENERAL
Nota general 1 t. en 2 v.
500 ## - NOTA GENERAL
Nota general Traducida al español con notas.
740 0# - ENTRADA AGREGADA--TÍTULO RELACIONADO/ANALÍTICO NO CONTROLADO
Título relacionado o analítico no controlado Arte de vivir contento e cualquier trabajo de la vida.
852 ## - LOCALIZACIÓN
Ubicación ES-MaACL
Número de control de estantería G-9273-4
Holdings
Estatus retirado Estado de pérdida Estado de daño No para préstamo Colección Biblioteca de origen Biblioteca actual Ubicación en estantería Fecha de adquisición Fuente de adquisición Total de préstamos Signatura topográfica completa Código de barras Visto por última vez Precio de reemplazo Tipo de ítem Koha
        Libros del s. XIX Biblioteca del Ateneo de Madrid Biblioteca del Ateneo de Madrid Sala Pecera Planta 3 17/01/2008     G-9273-4 1022617 23/02/2023 23/02/2023 Libro impreso antiguo